000 00442nam a2200145Ia 4500
008 090124s9999 xx 000 0 und d
082 _b202597
245 _a वाट पहातां लोचन
250 _a2
260 _bकवठेकर दत्त रघुनाथ
_c1980
300 _a578
630 _a वाट पहातां लोचन
730 _a वाट पहातां लोचन
942 _cBOOK
999 _c184178
_d184178